000 00349 a2200157 4500
001 156601
020 _a9788516107253
040 _cEscola São Tomás de Aquino
100 _aCANTO, Eduardo Leite
240 1 0 _aCiências Naturais
_lpor
245 1 0 _aCiências Naturais
300 _a312
362 0 _a2017
697 _aCIÊNCIAS
942 _cBK
999 _c156601
_d156601